Selected Stories of Bretharte (Record no. 27433)

MARC details
000 -LEADER
fixed length control field 00367nam a2200145Ia 4500
008 - FIXED-LENGTH DATA ELEMENTS--GENERAL INFORMATION
fixed length control field 090122s9999 xx 000 0 und d
082 ## - DEWEY DECIMAL CLASSIFICATION NUMBER
Item number 3355
Classification number 823.1
100 ## - MAIN ENTRY--PERSONAL NAME
Personal name Harte
Numeration Bret
245 ## - TITLE STATEMENT
Title Selected Stories of Bretharte
600 ## - SUBJECT ADDED ENTRY--PERSONAL NAME
Personal name Harte
630 ## - SUBJECT ADDED ENTRY--UNIFORM TITLE
Uniform title Selected Stories of Bretharte
700 ## - ADDED ENTRY--PERSONAL NAME
Personal name Harte
730 ## - ADDED ENTRY--UNIFORM TITLE
Uniform title Selected Stories of Bretharte
942 ## - ADDED ENTRY ELEMENTS (KOHA)
Koha item type Book
Holdings
Withdrawn status Lost status Damaged status Not for loan Home library Current library Date acquired Total Checkouts Full call number Barcode Date last seen Copy number Price effective from Koha item type
        Dombivali Granthasangrahalaya, Dombivali Dombivali Granthasangrahalaya, Dombivali 01/22/2009   3355 DOM-3355 01/22/2009 1 01/22/2009 Book